Biblioteca Nacional de Chile: historia de las colecciones: 192 años de historia:1813-2005
Uloženo v:
| Korporativní autor: | |
|---|---|
| Médium: | Kniha |
| Jazyk: | španělština |
| Vydáno: |
Santiago
Biblioteca Nacional de Chile
2005
|
| Edice: | Colección Biblioteca Nacional de Chile, 3
|
| Témata: | |
| Tagy: |
Přidat tag
Žádné tagy, Buďte první, kdo vytvoří štítek k tomuto záznamu!
|
MARC
| LEADER | 00000nam a2200000 a 4500 | ||
|---|---|---|---|
| 001 | UCG2988 | ||
| 003 | CL-VaPUC | ||
| 008 | 100805e20050000CL |||||||||||||||||spa|d | ||
| 020 | |a 9562441725 | ||
| 082 | 0 | 4 | |a 027.583 |b BIB |2 21 |
| 110 | 2 | |a Biblioteca Nacional de Chile |e author |9 551720 | |
| 245 | 1 | 0 | |a Biblioteca Nacional de Chile: historia de las colecciones: 192 años de historia:1813-2005 |
| 300 | |a 120 p | ||
| 942 | |c BK | ||
| 945 | |d 20100805 00:00:00 |a mfarfan | ||
| 260 | |a Santiago |b Biblioteca Nacional de Chile |c 2005 | ||
| 600 | 0 | 7 | |a BIBLIOTECA NACIONAL DE CHILE |2 CL-VaPUC |9 513103 |
| 650 | 0 | |a Bibliotecas |9 334508 | |
| 650 | 0 | |a Historia |9 255047 | |
| 583 | |a last modification |c 20100805 00:00:00 |k Rodrigo Vera | ||
| 490 | 0 | |a Colección Biblioteca Nacional de Chile, 3 | |
| 999 | |c 342089 |d 342087 | ||
| 952 | |0 0 |1 0 |4 0 |6 027_583000000000000_BIB_2005 |7 0 |8 X |9 438050 |a FDOMLP |b FDOMLP |d 2019-11-22 |i 4299574 |o 027.583 BIB 2005 |p 4299574 |r 2019-11-22 |w 2019-11-22 |y BK_X |k BU2 | ||